Normal view MARC view

Entry Personal Name

Number of records used in: 4

001 - CONTROL NUMBER

  • control field: 156284

003 - CONTROL NUMBER IDENTIFIER

  • control field: OSt

005 - DATE AND TIME OF LATEST TRANSACTION

  • control field: 20220919111414.0

008 - FIXED-LENGTH DATA ELEMENTS

  • fixed length control field: 220919|| aca||aabn | a|a d

040 ## - CATALOGING SOURCE

  • Original cataloging agency: OSt
  • Transcribing agency: OSt

100 ## - HEADING--PERSONAL NAME

  • Personal name: त्रिपाठी, रामसागर; मिश्र, श्याम

670 ## - SOURCE DATA FOUND

  • Source citation: Work cat.: (OSt)101284: त्रिपाठी, रामसागर; मिश्र, श्याम, समीक्षाशास्त्र के भारतीय तथा पाश्चात्य मानदंड: भारतीय तथा पाश्चात्य काव्यशास्त्र के 49 प्रामाणिक निबंध, 1972
Copyright @ Delhi University Library System